Journal of industrial microbiology & biotechnology

Detalles Bibliográficos
Título anterior:Journal of industrial microbiology
Autor Corporativo: Society for Industrial Microbiology (U.S.)
Formato: Electrónico Revista
Lenguaje:inglés
Publicado: Houndmills, Basingstoke, Hampshire, UK : Published by Stockton Press on behalf of the Society for Industrial Microbiology, ©1996-
Materias:
Acceso en línea:Full text available from Research Library: 01/01/1997 to 1 year ago

MARC

LEADER 00000nas a2200000 a 4500
001 ssj0005772
003 WaSeSS
005 20200512172242.0
006 m d
007 cr n
008 970103c19969999enkmr p s 0 0eng c
010 |a sn 97050111  
016 7 |a 018610374  |2 DE-101 
016 7 |a 1362291-2  |2 DE-600 
016 7 |a 9705544  |2 DNLM 
016 7 |a SR0090812  |2 DNLM 
016 7 |a 007530656  |2 Uk 
022 |a 1476-5535  |l 1367-5435  |y 1367-5435 
030 |a JIMBFL 
035 |a (WaSeSS)ssj0005772 
037 |a Specialist Journals Division, Nature Publishing Group, 345 Park Avenue South, 10th Floor, New York, NY 10010-1707  |c $730.00 (surface)  |c $930.00 (airmail) 
040 |a MUU  |b eng  |c MUU  |d UMC  |d AGL  |d CAS  |d NLM  |d OCL  |d DLC  |d NLM  |d OCLCQ  |d AGL  |d MYG  |d OCLCQ  |d CUS  |d OCLCQ  |d GUA  |d CUS  |d OCLCQ  |d GBVCP  |d UKMGB  |d OCLCQ  |d OCLCF  |d OCLCO  |d OCLCQ  |d OCLCO  |d I8M  |d OCLCO  |d OCLCQ  |d OCLCA  |d WaSeSS 
042 |a pcc 
050 0 0 |a QR53  |b .J682 
060 0 0 |a W1  |b JO705E 
070 0 |a QR53  |b .J68 
072 0 |a X300 
082 0 4 |a 660.62 
210 1 0 |a J Ind Microbiol Biotechnol  |2 dnlm 
245 0 0 |a Journal of industrial microbiology & biotechnology  |h [electronic resource]. 
246 3 |a Journal of industrial microbiology and biotechnology 
246 3 0 |a Industrial microbiology & biotechnology 
260 |a Houndmills, Basingstoke, Hampshire, UK :  |b Published by Stockton Press on behalf of the Society for Industrial Microbiology,  |c ©1996- 
310 |a Monthly 
362 0 |a Vol. 17, no. 3/4 (Sept./Oct. 1996)- 
500 |a Title from cover. 
506 |a License restrictions may limit access. 
515 |a Some no. issued in combined form. 
588 |a Latest issue consulted: Vol. 23, no. 4/5 (Oct./Nov. 1999). 
650 0 |a Industrial microbiology  |v Periodicals. 
650 0 |a Biotechnology  |v Periodicals. 
650 0 2 |a Biotechnology. 
650 0 2 |a Industrial Microbiology. 
650 7 |a Biotechnology.  |2 fast  |0 (OCoLC)fst00832729 
650 7 |a Industrial microbiology.  |2 fast  |0 (OCoLC)fst00971352 
655 0 |a Electronic journals. 
710 2 |a Society for Industrial Microbiology (U.S.) 
780 0 0 |t Journal of industrial microbiology  |x 0169-4146  |w (DLC)sn 87024327  |w (OCoLC)13509063 
850 |a DLC  |a DNAL  |a DNLM  |a MdU 
856 4 0 |z Full text available from Research Library: 01/01/1997 to 1 year ago  |u https://search.proquest.com/publication/54631